| 000 | 01080nam a2200265Ia 4500 | ||
|---|---|---|---|
| 008 | 191130s1995##################000#0#eng## | ||
| 020 | _a9780521557825 | ||
| 022 | _a95018745 | ||
| 040 |
_aACL _cACL |
||
| 082 | _a332.10942 COL | ||
| 100 | _aCollins, Michael | ||
| 245 |
_aBanks and industrial finance in Britain, 1800-1939 _cprepared for the Economic History Society by Michael Collins |
||
| 250 | _a1st Cambridge University Press ed | ||
| 260 |
_aCambridge _bCambridge University Press _c1995 |
||
| 300 | _avii, 105 p. ; 23 cm | ||
| 500 | _aOriginally published: Houndmills, Basingstoke, Hampshire : Macmillan, 1991. (Studies in economic and social history). Includes bibliographical references (p. 96-103) and index | ||
| 650 | _aBanks and banking - Great Britain - History | ||
| 650 | _aCapital market - Great Britain - History | ||
| 650 | _aFinance - Great Britain - History | ||
| 650 | _aMonetary policy - Great Britain - History | ||
| 710 | _aEconomic History Society | ||
| 990 | _a9f86c324ac10000c08e541335a67cd54 | ||
| 991 | _a33795 | ||
| 999 |
_c377372 _d377372 |
||